Sổ tay kiến thức ngữ văn 12

Uloženo v:
Podrobná bibliografie
Hlavní autor: Nguyễn, Xuân Lạc
Médium: Kniha
Jazyk:Undetermined
Vydáno: Hà Nội Giáo dục 2009
Témata:
Tagy: Přidat tag
Žádné tagy, Buďte první, kdo otaguje tento záznam!
Thư viện lưu trữ: Trung tâm Học liệu Trường Đại học Cần Thơ
LEADER 00684nam a2200205Ia 4500
001 CTU_183993
008 210402s9999 xx 000 0 und d
020 |c 19800 
082 |a 495.9220712 
082 |b L101 
100 |a Nguyễn, Xuân Lạc 
245 0 |a Sổ tay kiến thức ngữ văn 12 
245 0 |c Nguyễn Xuân Lạc, Nguyễn Văn Bằng, Bùi Tất Tươm (chủ biên) 
260 |a Hà Nội 
260 |b Giáo dục 
260 |c 2009 
650 |a Philology,Ngữ văn 
650 |x Study and teaching (secondary),Dạy và học (trung học) 
904 |i Hải 
980 |a Trung tâm Học liệu Trường Đại học Cần Thơ